LEADER 01203nam a2200265 u 4500 001 000000115846 003 CaOOAMICUS 005 20090526115953.0 008 090526s2009 it u000 u ita r 020 $z978-88-6081-475-3* 040 $aPUL$bita$dLDB 100 1 $aRossini, Manuel,$d1979.$0(OLS)http://pul/name/71878 245 10$aKarl Löwith: la questione antropologica :$banalisi e prospettive sulla "Menschenfrage" /$cManuel Rossini. 260 $aRoma :$bArmando,$cc2009. 300 $a175 p. ;$c21 cm 490 1 $aScaffale aperto.$aFilosofia 504 $aBibliografia: p. 161-175 600 14$aLöwith, Karl,$d1897-1973$xAntropologia filosofica.$0(OLS)http://pul/subject/35378 830 0$aScaffale aperto.$pFilosofia.$0(OLS)http://pul/title/65783 850 $aPUL 852 $aPUL$W1$xSL Filosofia 3$y81$m193 ROSMA 1$j132749$qDDC 21$B131745$CPULBib$Z2$F131745 $H110249 $82 941 1 $a9 996 $6020$z978-88-6081-475-3*$9(OLS)http://pul/number/140845 996 $6245$aKarl Löwith: la questione antropologica :$banalisi e prospettive sulla "Menschenfrage"$9(OLS)http://pul/title/145574 996 $6260$aRoma :$bArmando$9(OLS)http://pul/publisher/55055 LEADER 01297nam a2200289 u 4500 001 000000065027 003 CaOOAMICUS 005 20070226121424.0 008 011128s1929 ilu u000 u eng u 035 $a10911868 040 $aPUL(R)$bita 100 1 $aLashley, K. S.$0(OLS)http://pul/name/43849 245 10$aBrain mechanism and intelligence :$ba quantitative study of injuries to the brain /$cK. S. Lashley. 260 $aChicago :$bThe University of Chicago Press,$cc1929. 300 $axvi, 186 p., 11 c. di tav. :$bill. ;$c24 cm 490 1 $aBehavior research fund monographs 500 $aComprende indice. 504 $aBibliografia: p. [177]-183. 650 4$aPsicofisiologia.$0(OLS)http://pul/subject/10277 650 4$aApprendimento.$0(OLS)http://pul/subject/4539 650 4$aIntelligenza$xTeorie.$0(OLS)http://pul/subject/23203 830 0$aBehavior research fund monographs.$0(OLS)http://pul/title/86553 850 $aPUL 852 $aPUL$W1$xSL Filosofia 1$y2$m88 E 27$j84227$nBK-PRI$b $qStampati$B84227$CPULBib$Z2$F84227 $81 941 1 $a8 996 $6245$aBrain mechanism and intelligence :$ba quantitative study of injuries to the brain$9(OLS)http://pul/title/86552 996 $6260$aChicago :$bThe University of Chicago Press$9(OLS)http://pul/publisher/57829